书目信息 |
| 题名: |
体育
|
|
| 作者: | 刘贵廷 编辑 | |
| 分册: | 第一册 | |
| 出版信息: | 石家庄 河北教育出版社 |
|
| 页数: | 90页 | |
| 开本: | 20cm | |
| 丛书名: | ||
| 单 册: | ||
| 中图分类: | G8 | |
| 科图分类: | ||
| 主题词: | 体育 | |
| 电子资源: | ||
| ISBN: | 7-5434-1859-2 | |
| 000 | 00634nam0 2200241 45 | |
| 001 | 0184005748 | |
| 005 | 20070606094848.26 | |
| 010 | @a7-5434-1859-2@dCNY1.55 | |
| 100 | @a19951027d1984 em y0chiy0121 ea | |
| 101 | 0 | @achi |
| 102 | @aCN@b130000 | |
| 102 | @aCN@b310000 | |
| 105 | @ay z 000yy | |
| 200 | 10 | @a体育@h第一册@f刘贵廷编辑@Fliu gui ting bian ji@Ati yu |
| 210 | @a石家庄@c河北教育出版社 | |
| 215 | @a90页@d20cm | |
| 300 | @a河北省高级中学课本 | |
| 606 | @a体育 | |
| 690 | @aG8@v3 | |
| 701 | 0 | @a刘贵廷@Aliu gui ting@4编辑 |
| 801 | 0 | @aCN@bTSSF@c20070606 |
| 801 | 2 | @aCN@bNLC@c20070602 |
| 905 | @a10447@dG8@e261:1 | |
| 体育.第一册/刘贵廷编辑.-石家庄:河北教育出版社 |
| 90页;20cm |
| 河北省高级中学课本 |
| ISBN 7-5434-1859-2:CNY1.55 |
| ● |
| 相关链接 |
|
|
|
|
正题名:体育
索取号:G8/261:1
 
预约/预借
| 序号 | 登录号 | 条形码 | 馆藏地/架位号 | 状态 | 备注 |
| 1 | 0407614 | 204076141 | 第一样本阅览室/ [索取号:G8/261:1] | 在馆 | |
| 2 | 0407615 | 204076150 | 密集书库/ [索取号:G8/261:1] | 在馆 | |
| 3 | 0407616 | 204076169 | 密集书库/ [索取号:G8/261:1] | 在馆 | |
| 4 | 0407617 | 204076178 | 密集书库/ [索取号:G8/261:1] | 在馆 | |
| 5 | 0407618 | 204076187 | 密集书库/ [索取号:G8/261:1] | 在馆 | |
| 6 | 0407619 | 204076196 | 密集书库/ [索取号:G8/261:1] | 在馆 | |
| 7 | 0407620 | 204076203 | 密集书库/ [索取号:G8/261:1] | 在馆 | |
| 8 | 0407621 | 204076212 | 密集书库/ [索取号:G8/261:1] | 在馆 | |
| 9 | 0407622 | 204076221 | 密集书库/ [索取号:G8/261:1] | 在馆 | |
| 10 | 0407623 | 204076230 | 密集书库/ [索取号:G8/261:1] | 在馆 | |
| 11 | 0407624 | 204076249 | 密集书库/ [索取号:G8/261:1] | 在馆 | |
| 12 | 0407625 | 204076258 | 密集书库/ [索取号:G8/261:1] | 在馆 | |
| 13 | 0407626 | 204076267 | 密集书库/ [索取号:G8/261:1] | 在馆 | |
| 14 | 0407627 | 204076276 | 密集书库/ [索取号:G8/261:1] | 在馆 | |
| 15 | 0407628 | 204076285 | 密集书库/ [索取号:G8/261:1] | 在馆 | |
| 16 | 0407629 | 204076294 | 密集书库/ [索取号:G8/261:1] | 在馆 | |
| 17 | 0407630 | 204076301 | 密集书库/ [索取号:G8/261:1] | 在馆 | |
| 18 | 0407631 | 204076310 | 密集书库/ [索取号:G8/261:1] | 在馆 | |
| 19 | 0407632 | 204076329 | 密集书库/ [索取号:G8/261:1] | 在馆 | |
| 20 | 0407633 | 204076338 | 密集书库/ [索取号:G8/261:1] | 在馆 | |
| 21 | 0407634 | 204076347 | 密集书库/ [索取号:G8/261:1] | 在馆 | |
| 22 | 0407635 | 204076356 | 密集书库/ [索取号:G8/261:1] | 在馆 | |
| 23 | 0407636 | 204076365 | 密集书库/ [索取号:G8/261:1] | 在馆 | |
| 24 | 0407637 | 204076374 | 密集书库/ [索取号:G8/261:1] | 在馆 | |
| 25 | 0407638 | 204076383 | 密集书库/ [索取号:G8/261:1] | 在馆 | |
| 26 | 0407639 | 204076392 | 密集书库/ [索取号:G8/261:1] | 在馆 | |
| 27 | 0407640 | 204076409 | 密集书库/ [索取号:G8/261:1] | 在馆 | |
| 28 | 0407641 | 204076418 | 密集书库/ [索取号:G8/261:1] | 在馆 | |
| 29 | 0407642 | 204076427 | 密集书库/ [索取号:G8/261:1] | 在馆 | |
| 30 | 0407643 | 204076436 | 密集书库/ [索取号:G8/261:1] | 在馆 | |
| 31 | 0407644 | 204076445 | 密集书库/ [索取号:G8/261:1] | 在馆 | |
| 32 | 0407645 | 204076454 | 密集书库/ [索取号:G8/261:1] | 在馆 | |
| 33 | 0407646 | 204076463 | 密集书库/ [索取号:G8/261:1] | 在馆 | |
| 34 | 0407647 | 204076472 | 密集书库/ [索取号:G8/261:1] | 在馆 | |
| 35 | 0407648 | 204076481 | 密集书库/ [索取号:G8/261:1] | 在馆 | |
| 36 | 0407649 | 204076490 | 密集书库/ [索取号:G8/261:1] | 在馆 | |
| 37 | 0407650 | 204076506 | 密集书库/ [索取号:G8/261:1] | 在馆 | |
| 38 | 0407651 | 204076515 | 密集书库/ [索取号:G8/261:1] | 在馆 | |
| 39 | 0407652 | 204076524 | 密集书库/ [索取号:G8/261:1] | 在馆 | |
| 40 | 0407653 | 204076533 | 密集书库/ [索取号:G8/261:1] | 在馆 | |
| 41 | 0407654 | 204076542 | 密集书库/ [索取号:G8/261:1] | 在馆 | |
| 42 | 0407655 | 204076551 | 密集书库/ [索取号:G8/261:1] | 在馆 | |
| 43 | 0407656 | 204076560 | 密集书库/ [索取号:G8/261:1] | 在馆 | |
| 44 | 0407657 | 204076579 | 密集书库/ [索取号:G8/261:1] | 在馆 | |
| 45 | 0407658 | 204076588 | 密集书库/ [索取号:G8/261:1] | 在馆 | |
| 46 | 0407659 | 204076597 | 密集书库/ [索取号:G8/261:1] | 在馆 |